[Event "Andujar op"]
[Site "Andujar"]
[Date "2025.06.30"]
[Round "6"]
[White "Licznerski, Lukasz"]
[Black "Suarez Uriel, Adrian"]
[Result "1-0"]
[WhiteElo "2435"]
[BlackElo "2394"]
[PlyCount "93"]
[EventDate "2025.06.27"]
[EventType "swiss"]
[EventRounds "9"]
[EventCountry "ESP"]
[SourceTitle "CB28_2025"]
[SourceDate "2025.07.09"]
[SourceVersion "1"]
[SourceVersionDate "2025.07.09"]
[SourceQuality "1"]

1. d4 Nf6 2. c4 g6 3. Nc3 d5 4. cxd5 Nxd5 5. e4 Nxc3 6. bxc3 Bg7 7. Nf3 c5 8. Rb1 0-0 9. Be2 cxd4 10. cxd4 Qa5+ 11. Qd2 Qxd2+ 12. Bxd2 e6 13. Bc4 b6 14. 0-0 Bb7 15. Rfe1 Nd7 16. Rbc1 Nf6 17. Bd3 Rac8 18. Kf1 h6 19. g3 Rxc1 20. Bxc1 Rd8 21. Bb2 Ne8 22. Ke2 f5 23. Bc4 Kf7 24. exf5 gxf5 25. Ne5+ Bxe5 26. dxe5 Bd5 27. Rc1 Bxc4+ 28. Rxc4 Rd7 29. Rh4 Kg6 30. g4 fxg4 31. Rxg4+ Kf5 32. Rg8 Ng7 33. Bc1 Kg6 34. Rf8 Nf5 35. Rf6+ Kg7 36. Be3 Re7 37. Kd3 b5 38. Bc5 Rd7+ 39. Ke4 Rc7 40. Rxe6 Rxc5 41. Kxf5 Rc2 42. f4 Rxa2 43. Re7+ Kf8 44. Rb7 Ra5 45. Kf6 Ra6+ 46. e6 Rb6 47. Rxb6 1-0

[Event "San Vicente op 9th"]
[Site "San Vicente"]
[Date "2025.04.21"]
[Round "9"]
[White "Suarez Uriel, Adrian"]
[Black "Plazuelo Pascual, Juan"]
[Result "1/2-1/2"]
[WhiteElo "2388"]
[BlackElo "2449"]
[PlyCount "120"]
[EventDate "2025.04.16"]
[EventType "swiss"]
[EventRounds "9"]
[EventCountry "ESP"]
[SourceTitle "CB17_2025"]
[SourceDate "2025.04.23"]
[SourceVersion "1"]
[SourceVersionDate "2025.04.23"]
[SourceQuality "1"]

1. e4 e6 2. d4 d5 3. Nc3 Nf6 4. e5 Nfd7 5. Nce2 c5 6. c3 Nc6 7. f4 a5 8. Nf3 a4 9. f5 exf5 10. Nf4 cxd4 11. cxd4 Bb4+ 12. Kf2 0-0 13. a3 Be7 14. Nxd5 Nb6 15. Nxe7+ Nxe7 16. Bd2 Be6 17. Bb4 Qd7 18. Bc5 Nbd5 19. Qd2 Rfd8 20. Rc1 f4 21. Bd3 Ne3 22. Rhe1 Bd5 23. Rxe3 fxe3+ 24. Qxe3 Rac8 25. Ng5 h6 26. Ne4 Nf5 27. Qf4 Bxe4 28. Qxe4 g6 29. Rc3 Ng7 30. Bc4 Rxc5 31. dxc5 Qd2+ 32. Qe2 Qd4+ 33. Kf1 Qf4+ 34. Kg1 Rd2 35. g3 Qd4+ 36. Qe3 Qxe3+ 37. Rxe3 Rxb2 38. Rf3 Nf5 39. g4 Rc2 40. gxf5 Rxc4 41. fxg6 fxg6 42. e6 Re4 43. Rf6 Kg7 44. Rf7+ Kg8 45. Rxb7 Rxe6 46. Rb4 Rc6 47. Rxa4 Rxc5 48. Ra7 Rc2 49. a4 Ra2 50. a5 g5 51. a6 h5 52. Kf1 g4 53. Kg1 h4 54. Rb7 Rxa6 55. Rb4 Rg6 56. h3 gxh3+ 57. Kh2 Kg7 58. Kxh3 Rf6 59. Rxh4 Rh6 60. Rxh6 Kxh6 1/2-1/2

[Event "Roquetas de Mar op 36th"]
[Site "Roquetas de Mar"]
[Date "2025.01.05"]
[Round "6"]
[White "Silva, Pedro Gil Ferreira"]
[Black "Suarez Uriel, Adrian"]
[Result "1/2-1/2"]
[WhiteElo "2223"]
[BlackElo "2401"]
[PlyCount "85"]
[EventDate "2025.01.02"]
[EventType "swiss"]
[EventRounds "9"]
[EventCountry "ESP"]
[SourceTitle "CB02_2025"]
[SourceDate "2025.01.08"]
[SourceVersion "1"]
[SourceVersionDate "2025.01.08"]
[SourceQuality "1"]

1. e4 c6 2. d4 d5 3. exd5 cxd5 4. Bd3 Nc6 5. c3 Qc7 6. h3 Nf6 7. Nf3 g6 8. 0-0 Bf5 9. Re1 Bxd3 10. Qxd3 Bg7 11. Nbd2 0-0 12. Ne5 Nxe5 13. dxe5 Nd7 14. Nf3 e6 15. Bf4 Rab8 16. Qe3 Qc5 17. Nd4 Rfc8 18. a4 a6 19. h4 b5 20. axb5 axb5 21. Ra5 Qc4 22. Ra7 Rc7 23. Rea1 b4 24. h5 bxc3 25. bxc3 gxh5 26. Nf5 exf5 27. e6 Rxa7 28. Rxa7 Ne5 29. exf7+ Kf8 30. Qg3 Qe2 31. Be3 Qe1+ 32. Kh2 Qxc3 33. Kh3 Qc4 34. Qf4 Rc8 35. Bd4 Qe2 36. f3 Qe1 37. Bxe5 Qh1+ 38. Qh2 Qxh2+ 39. Bxh2 Rc6 40. Bf4 Bc3 41. Rd7 Bb4 42. Rxd5 Kxf7 43. Rd7+ 1/2-1/2

[Event "Roquetas de Mar op 36th"]
[Site "Roquetas de Mar"]
[Date "2025.01.02"]
[Round "1"]
[White "Suarez Uriel, Adrian"]
[Black "Bernal, Gustavo"]
[Result "1-0"]
[WhiteElo "2401"]
[BlackElo "2020"]
[PlyCount "81"]
[EventDate "2025.01.02"]
[EventType "swiss"]
[EventRounds "9"]
[EventCountry "ESP"]
[SourceTitle "CB02_2025"]
[SourceDate "2025.01.08"]
[SourceVersion "1"]
[SourceVersionDate "2025.01.08"]
[SourceQuality "1"]

1. e4 c5 2. Ne2 Nc6 3. d4 cxd4 4. Nxd4 Qb6 5. Nb3 Nf6 6. Nc3 e6 7. Bd3 d6 8. Qe2 Be7 9. Bd2 a6 10. g4 Ne5 11. g5 Nxd3+ 12. Qxd3 Nd7 13. h4 Ne5 14. Qe2 Qc7 15. 0-0-0 b5 16. f4 Nc4 17. Be1 b4 18. Rd4 bxc3 19. Rxc4 cxb2+ 20. Kb1 Qb8 21. Bc3 Bd7 22. Bxg7 Rg8 23. Bxb2 Bb5 24. f5 Bxc4 25. Qxc4 Qb5 26. Qc3 e5 27. Rd1 Qb7 28. f6 Bf8 29. Rd5 h6 30. Qd2 hxg5 31. hxg5 Rh8 32. Bxe5 Rh1+ 33. Kb2 a5 34. a4 Qb4 35. Bc3 Qxa4 36. Qg2 Rh7 37. e5 Rc8 38. exd6 Rxc3 39. Kxc3 Qb4+ 40. Kb2 a4 41. Rd4 1-0

[Event "ESP-ch 89th"]
[Site "Marbella"]
[Date "2024.12.19"]
[Round "9"]
[White "Suarez Uriel, Adrian"]
[Black "Balbuena Fuentes, Mario"]
[Result "1-0"]
[WhiteElo "2398"]
[BlackElo "2291"]
[PlyCount "141"]
[EventDate "2024.12.11"]
[EventType "swiss"]
[EventRounds "9"]
[EventCountry "ESP"]
[SourceTitle "CB52_2024"]
[SourceDate "2024.12.25"]
[SourceVersion "1"]
[SourceVersionDate "2024.12.25"]
[SourceQuality "1"]

1. d4 e6 2. c4 Nf6 3. Nc3 Bb4 4. e3 0-0 5. Bd2 d5 6. Rc1 Re8 7. Nf3 Bf8 8. Bd3 Nbd7 9. 0-0 c5 10. Ne5 Nxe5 11. dxe5 Nd7 12. f4 Nb6 13. Qc2 g6 14. b3 Bd7 15. Rcd1 Qc7 16. Be1 Rad8 17. Bh4 Be7 18. Bg3 dxc4 19. bxc4 Bc6 20. h4 Nd7 21. h5 Nf8 22. e4 Rd7 23. Qc1 Qd8 24. Qe3 b6 25. hxg6 fxg6 26. f5 Bg5 27. Qe2 Rd4 28. fxe6 Nxe6 29. Nd5 Rf8 30. Rxf8+ Qxf8 31. Rf1 Qg7 32. Qg4 Bd7 33. Qf3 Bc6 34. Bf2 Rxd3 35. Qxd3 Qxe5 36. Bg3 Qd4+ 37. Qxd4 cxd4 38. Nf6+ Kg7 39. Be5 Kh6 40. Rf3 Be3+ 41. Kh2 Ng5 42. Bf4 Bxf4+ 43. Rxf4 Ne6 44. Rf2 Nc5 45. e5 Nd3 46. Re2 Nf4 47. Rd2 Ne6 48. Rf2 Kg7 49. g4 Ng5 50. Kg3 Ne6 51. Nxh7 Nc5 52. Nf6 Nd3 53. Re2 Nxe5 54. Rxe5 Kxf6 55. Kf4 Bg2 56. g5+ Kf7 57. Re1 Bc6 58. Ke5 Ke7 59. Rd1 Ba4 60. Rxd4 Bc2 61. Rh4 a6 62. Rh7+ Kd8 63. Kd6 Ke8 64. Kc6 Bd3 65. Kxb6 Bxc4 66. a4 Bb3 67. a5 Bc4 68. Ra7 Kd8 69. Rxa6 Bxa6 70. Kxa6 Kc7 71. Kb5 1-0

[Event "ESP-ch 89th"]
[Site "Marbella"]
[Date "2024.12.11"]
[Round "1"]
[White "Suarez Uriel, Adrian"]
[Black "Villar Piriz, Adrian"]
[Result "1-0"]
[WhiteElo "2398"]
[BlackElo "2069"]
[PlyCount "57"]
[EventDate "2024.12.11"]
[EventType "swiss"]
[EventRounds "9"]
[EventCountry "ESP"]
[SourceTitle "CB52_2024"]
[SourceDate "2024.12.25"]
[SourceVersion "1"]
[SourceVersionDate "2024.12.25"]
[SourceQuality "1"]

1. e4 c5 2. Nf3 e6 3. b3 Nc6 4. Bb2 d5 5. exd5 exd5 6. Bb5 Nf6 7. Qe2+ Qe7 8. Ne5 Bd7 9. 0-0 Nxe5 10. Bxe5 0-0-0 11. d4 Ng4 12. Bxd7+ Qxd7 13. Bg3 cxd4 14. Qd1 Bc5 15. b4 Bb6 16. a4 Nh6 17. a5 Bc7 18. Qxd4 Qg4 19. Qxa7 Qxb4 20. a6 Qb6 21. axb7+ Qxb7 22. Qc5 Qb6 23. Qc3 Nf5 24. Bxc7 Qxc7 25. Qd3 Ne7 26. Nc3 Qc4 27. Qe3 Nc6 28. Ra4 d4 29. Rxc4 1-0

[Event "Galdar op"]
[Site "Galdar"]
[Date "2024.09.04"]
[Round "4"]
[White "Cuenca Jimenez, Jose Fernando"]
[Black "Suarez Uriel, Adrian"]
[Result "1-0"]
[WhiteElo "2466"]
[BlackElo "2383"]
[PlyCount "71"]
[EventDate "2024.09.02"]
[EventType "swiss"]
[EventRounds "9"]
[EventCountry "ESP"]
[SourceTitle "EXT 2025"]
[Source "ChessBase"]
[SourceDate "2024.10.14"]
[SourceVersion "1"]
[SourceVersionDate "2024.10.14"]
[SourceQuality "1"]

1. Nf3 c5 2. c4 Nc6 3. d4 cxd4 4. Nxd4 Nf6 5. Nc3 e6 6. g3 Bc5 7. Nb3 Bb6 8. Bg2 d6 9. 0-0 Ne5 10. Nd4 0-0 11. b3 a6 12. Bb2 Qc7 13. Rc1 Bd7 14. e3 Rfd8 15. Qe2 Rac8 16. Rfd1 Qb8 17. h3 h6 18. Kh1 Bc5 19. Rc2 Ng6 20. Rcd2 Ne7 21. Nc2 Be8 22. a4 Nc6 23. Na2 Ne5 24. a5 d5 25. f4 Ned7 26. cxd5 exd5 27. Nc3 Be7 28. Nxd5 Nxd5 29. Rxd5 Bf6 30. Ba3 Qc7 31. Nd4 Nb8 32. Nf5 Rxd5 33. Rxd5 Qc3 34. Be7 Bc6 35. Nxh6+ gxh6 36. Qg4+ 1-0

[Event "Galdar op"]
[Site "Galdar"]
[Date "2024.09.03"]
[Round "2"]
[White "Ramirez Maillo, Juan Adonay"]
[Black "Suarez Uriel, Adrian"]
[Result "0-1"]
[WhiteElo "1965"]
[BlackElo "2383"]
[PlyCount "40"]
[EventDate "2024.09.02"]
[EventType "swiss"]
[EventRounds "9"]
[EventCountry "ESP"]
[SourceTitle "EXT 2025"]
[Source "ChessBase"]
[SourceDate "2024.10.14"]
[SourceVersion "1"]
[SourceVersionDate "2024.10.14"]
[SourceQuality "1"]

1. e4 c5 2. c3 d5 3. exd5 Nf6 4. d4 Nxd5 5. Nf3 e6 6. Be2 Be7 7. 0-0 0-0 8. c4 Nf6 9. Nc3 cxd4 10. Nxd4 e5 11. Ndb5 Nc6 12. Nd5 a6 13. Nbc3 Nxd5 14. Nxd5 Bc5 15. a3 Be6 16. Be3 Nd4 17. b4 Ba7 18. Nc3 Qh4 19. Rb1 Nxe2+ 20. Qxe2 Bxc4 0-1

[Event "ESP-ch Rapid"]
[Site "Mengibar"]
[Date "2024.08.17"]
[Round "9"]
[White "Fernandez Borrego, Pablo"]
[Black "Suarez Uriel, Adrian"]
[Result "1-0"]
[WhiteElo "2393"]
[BlackElo "2388"]
[PlyCount "69"]
[EventDate "2024.08.17"]
[EventType "swiss (rapid)"]
[EventRounds "10"]
[EventCountry "ESP"]
[SourceTitle "CBM 221 Extra"]
[Source "ChessBase"]
[SourceDate "2024.09.30"]
[SourceVersion "1"]
[SourceVersionDate "2024.09.30"]
[SourceQuality "1"]

1. e4 c5 2. Nf3 d6 3. d4 cxd4 4. Nxd4 Nf6 5. Nc3 a6 6. g3 e5 7. Nde2 Be6 8. Bg2 Nbd7 9. h3 Be7 10. g4 h6 11. Ng3 g6 12. 0-0 Rc8 13. a4 Kf8 14. Be3 Nb6 15. Nd5 Nfxd5 16. exd5 Bd7 17. b3 Bg5 18. a5 Na8 19. Ne4 Bxe3 20. fxe3 Qe7 21. Rf6 Nc7 22. Rxd6 Ne8 23. Rb6 f5 24. Nf2 Nd6 25. c4 h5 26. g5 Kf7 27. Qd2 Rhd8 28. Qb4 Be8 29. h4 Qc7 30. Nd3 e4 31. Nf4 Rd7 32. Ne6 Qb8 33. Qc3 Kg8 34. Qf6 Rcc7 35. Qf8+ 1-0

[Event "ESP-ch Rapid"]
[Site "Mengibar"]
[Date "2024.08.17"]
[Round "8"]
[White "Suarez Uriel, Adrian"]
[Black "Moreno Tejera, Emilio"]
[Result "1/2-1/2"]
[WhiteElo "2388"]
[BlackElo "2422"]
[PlyCount "285"]
[EventDate "2024.08.17"]
[EventType "swiss (rapid)"]
[EventRounds "10"]
[EventCountry "ESP"]
[SourceTitle "CBM 221 Extra"]
[Source "ChessBase"]
[SourceDate "2024.09.30"]
[SourceVersion "1"]
[SourceVersionDate "2024.09.30"]
[SourceQuality "1"]

1. e4 c5 2. Ne2 Nc6 3. d4 cxd4 4. Nxd4 Qb6 5. Nb3 Nf6 6. Nc3 e6 7. Qe2 Be7 8. e5 Nd5 9. Nxd5 exd5 10. f4 0-0 11. Be3 Qc7 12. 0-0-0 d6 13. exd6 Bxd6 14. g3 Re8 15. Qf2 Nb4 16. Bc5 Bg4 17. Bxb4 Bxb4 18. Bb5 Re7 19. Rxd5 Rc8 20. Bd3 a5 21. Rg5 Be2 22. Kb1 f6 23. Rd5 Rce8 24. a3 Bxd3 25. Rxd3 Re2 26. Qd4 Qxc2+ 27. Ka2 a4 28. Na1 Qc6 29. Rhd1 Bf8 30. R1d2 Qe6+ 31. Qd5 Qxd5+ 32. Rxd5 b6 33. Nc2 Bc5 34. b4 axb3+ 35. Kxb3 g6 36. a4 Bf8 37. Kc4 Rc8+ 38. Kb3 Ree8 39. h4 f5 40. h5 Bg7 41. R5d3 Kf8 42. hxg6 hxg6 43. Nb4 Re4 44. Rc2 Rxb4+ 45. Kxb4 Rxc2 46. Rd6 Rb2+ 47. Ka3 Rb1 48. Rxg6 Bd4 49. Rg5 Bc5+ 50. Ka2 Rb4 51. Rxf5+ Ke7 52. a5 Ra4+ 53. Kb3 Rxa5 54. g4 Ra3+ 55. Kc4 Rf3 56. g5 Bd6 57. Kb5 Bxf4 58. g6 Rb3+ 59. Kc6 Rc3+ 60. Kxb6 Bh6 61. Rf7+ Ke6 62. Rh7 Bf4 63. Rf7 Be5 64. Rf8 Rg3 65. Rg8 Bd6 66. Kb5 Be5 67. Kc4 Kf5 68. Kd5 Bf6 69. Kd6 Rd3+ 70. Kc6 Rg3 71. Kd6 Ra3 72. Kd5 Ra7 73. Re8 Kxg6 74. Re6 Kf5 75. Rc6 Be5 76. Rc8 Rd7+ 77. Kc6 Rd2 78. Rf8+ Ke4 79. Rc8 Rb2 80. Kd7 Kd5 81. Rc1 Rb7+ 82. Kc8 Ra7 83. Rd1+ Ke6 84. Re1 Rc7+ 85. Kd8 Rb7 86. Rc1 Rb3 87. Rc2 Rh3 88. Kc8 Rh8+ 89. Kb7 Rb8+ 90. Ka6 Kd5 91. Rg2 Rb3 92. Rg5 Kd6 93. Ka5 Rb1 94. Ka4 Bd4 95. Rh5 Bc5 96. Rh3 Rb4+ 97. Ka5 Rb8 98. Ka4 Kd5 99. Rb3 Ra8+ 100. Kb5 Ra2 101. Rb1 Bd4 102. Rb3 Ra8 103. Rb4 Bc3 104. Rb3 Kd4 105. Kc6 Kc4 106. Rb7 Ra6+ 107. Kd7 Kd5 108. Rb5+ Kc4 109. Rb7 Be5 110. Ke7 Rh6 111. Rd7 Bd4 112. Kf7 Bc5 113. Kg7 Rh5 114. Kg6 Rh3 115. Rd1 Bd4 116. Kf5 Kd5 117. Kg4 Rh7 118. Rb1 Ke4 119. Rb4 Rg7+ 120. Kh4 Rg8 121. Ra4 Ke5 122. Kh3 Be3 123. Rg4 Rf8 124. Kg2 Bf4 125. Kf3 Bh6+ 126. Ke2 Rd8 127. Ra4 Bf4 128. Kf3 Rd3+ 129. Ke2 Rh3 130. Kf2 Kf5 131. Ke2 Kg4 132. Rc4 Re3+ 133. Kd1 Kf3 134. Kc2 Be5 135. Rh4 Ke2 136. Rc4 Bf6 137. Rc6 Be5 138. Rc5 Re4 139. Rc6 Ke3 140. Rc8 Rf4 141. Re8 Rf2+ 142. Kb3 Kd4 143. Rd8+ 1/2-1/2

[Event "ESP-chT CECLUB Div2"]
[Site "Linares"]
[Date "2024.08.12"]
[Round "2.27"]
[White "Exposito Milan, Adrian"]
[Black "Suarez Uriel, Adrian"]
[Result "1/2-1/2"]
[WhiteElo "2246"]
[BlackElo "2388"]
[PlyCount "120"]
[EventDate "2024.08.11"]
[EventType "team-swiss"]
[EventRounds "7"]
[EventCountry "ESP"]
[SourceTitle "CBM 221 Extra"]
[Source "ChessBase"]
[SourceDate "2024.09.30"]
[SourceVersion "1"]
[SourceVersionDate "2024.09.30"]
[SourceQuality "1"]
[WhiteTeam "Enric Valor"]
[BlackTeam "Collado Villalba"]
[WhiteTeamCountry "ESP"]
[BlackTeamCountry "ESP"]

1. d4 Nf6 2. c4 e6 3. g3 c5 4. d5 exd5 5. cxd5 d6 6. Nc3 g6 7. Nf3 Bg7 8. Bg2 0-0 9. 0-0 Re8 10. Bf4 h6 11. Qc1 g5 12. Be3 Nbd7 13. h4 Ng4 14. Bd2 f6 15. Qc2 Nde5 16. Rae1 Bd7 17. a4 Qe7 18. Nd1 Rf8 19. Ne3 Nxe3 20. Bxe3 Qe8 21. Nxe5 Qxe5 22. Bd2 gxh4 23. Bf4 Qe7 24. Qg6 Be8 25. Qf5 Bd7 26. Qg6 Rad8 27. gxh4 Bxa4 28. Bxh6 Qf7 29. Qxg7+ Qxg7 30. Bxg7 Kxg7 31. Ra1 b5 32. Bf3 Rd7 33. Rfc1 f5 34. Ra3 c4 35. Kh2 Bb3 36. Ra5 Rb8 37. Kg3 b4 38. Kf4 Kf6 39. h5 Rc7 40. Ra6 Rb6 41. Rxb6 axb6 42. e4 c3 43. bxc3 bxc3 44. h6 c2 45. exf5 b5 46. Be4 b4 47. Ke3 Kg5 48. Kd2 Kxh6 49. Bxc2 Bxd5 50. Rg1 Bf7 51. Rg3 Rb7 52. Bb1 Ra7 53. Rg4 b3 54. Kc3 Re7 55. Rd4 Rd7 56. Be4 Kg5 57. Bd5 Bxd5 58. Rxd5 Rb7 59. Kb2 Rb6 60. Rd3 Kxf5 1/2-1/2

[Event "Benasque op 43rd"]
[Site "Benasque"]
[Date "2024.07.10"]
[Round "6"]
[White "Roman Lopez, Jesus A"]
[Black "Suarez Uriel, Adrian"]
[Result "0-1"]
[WhiteElo "1967"]
[BlackElo "2397"]
[PlyCount "50"]
[EventDate "2024.07.05"]
[EventType "swiss"]
[EventRounds "10"]
[EventCountry "ESP"]
[SourceTitle "CBM 221 Extra"]
[Source "ChessBase"]
[SourceDate "2024.09.30"]
[SourceVersion "1"]
[SourceVersionDate "2024.09.30"]
[SourceQuality "1"]

1. e4 c5 2. d4 cxd4 3. c3 dxc3 4. Nxc3 Nc6 5. Nf3 e6 6. Bc4 Bb4 7. 0-0 Nge7 8. Nb5 d5 9. exd5 exd5 10. Bxd5 Nxd5 11. Qxd5 0-0 12. Qxd8 Rxd8 13. Be3 Bg4 14. Nfd4 Ne5 15. f3 Bh5 16. Nc2 Bf8 17. Rfd1 a6 18. Rxd8 Rxd8 19. Nbd4 Bg6 20. f4 Nc4 21. Kf2 Nxe3 22. Kxe3 Bc5 23. f5 Bxf5 24. Kf4 Bxc2 25. Nxc2 Rd2 0-1

[Event "Madrid-A"]
[Site "Madrid"]
[Date "2024.06.15"]
[Round "9"]
[White "Martinez Duany, Lelys Stanley"]
[Black "Suarez Uriel, Adrian"]
[Result "1/2-1/2"]
[WhiteElo "2453"]
[BlackElo "2401"]
[PlyCount "52"]
[EventDate "2024.06.10"]
[EventType "tourn"]
[EventRounds "9"]
[EventCountry "ESP"]
[EventCategory "8"]
[SourceTitle "CBM 220 Extra"]
[Source "ChessBase"]
[SourceDate "2024.07.31"]
[SourceVersion "1"]
[SourceVersionDate "2024.07.31"]
[SourceQuality "1"]

1. Nf3 c5 2. e3 Nf6 3. d4 e6 4. c4 g6 5. dxc5 Na6 6. Be2 Nxc5 7. 0-0 Bg7 8. Nc3 0-0 9. Qc2 d5 10. Rd1 Qe7 11. b3 dxc4 12. Bxc4 b6 13. Ba3 Bb7 14. Rac1 Rfd8 15. Qe2 Rxd1+ 16. Rxd1 Rd8 17. Rxd8+ Qxd8 18. Bxc5 bxc5 19. Na4 Qa5 20. Qd2 Qxd2 21. Nxd2 Bf8 22. Be2 Bc6 23. Nc3 Bb7 24. Na4 Bc6 25. Nc3 Bb7 26. Na4 Bc6 1/2-1/2

[Event "Madrid-A"]
[Site "Madrid"]
[Date "2024.06.13"]
[Round "6"]
[White "Suarez Uriel, Adrian"]
[Black "Rozman, Levy"]
[Result "1/2-1/2"]
[WhiteElo "2401"]
[BlackElo "2322"]
[PlyCount "140"]
[EventDate "2024.06.10"]
[EventType "tourn"]
[EventRounds "9"]
[EventCountry "ESP"]
[EventCategory "8"]
[SourceTitle "CBM 220 Extra"]
[Source "ChessBase"]
[SourceDate "2024.07.31"]
[SourceVersion "1"]
[SourceVersionDate "2024.07.31"]
[SourceQuality "1"]

1. e4 c6 2. d4 d5 3. e5 Bf5 4. Nf3 e6 5. c3 Nd7 6. Be2 a5 7. Nbd2 a4 8. Nf1 Ne7 9. Ng3 Bg6 10. h4 h6 11. h5 Bh7 12. Bd3 Bxd3 13. Qxd3 c5 14. Ne2 Qa5 15. Bd2 Qa6 16. Nf4 Nc6 17. 0-0 Nb6 18. Qxa6 Rxa6 19. Nd3 cxd4 20. cxd4 Nc4 21. Bc3 b5 22. b3 Na3 23. b4 Nc4 24. Nh2 a3 25. Rab1 Ra4 26. Rb3 Be7 27. Ng4 g6 28. hxg6 fxg6 29. Re1 Kf7 30. Ne3 h5 31. Nc2 Rc8 32. Nc5 Ra7 33. Ba1 Bxc5 34. bxc5 Rb8 35. Bc3 g5 36. Reb1 Rab7 37. Kf1 Kg6 38. Ke2 h4 39. f3 Kf5 40. Bd2 Nxd2 41. Kxd2 b4 42. Ke3 g4 43. fxg4+ Kxg4 44. Kf2 Rf7+ 45. Rf3 Rbf8 46. Rxf7 Rxf7+ 47. Kg1 h3 48. gxh3+ Kxh3 49. Rb3+ Kg4 50. Kg2 Rb7 51. Rf3 b3 52. Rg3+ Kf4 53. Rf3+ Kg5 54. Rg3+ Kh5 55. Rh3+ Kg5 56. Rg3+ Kh6 57. Rh3+ Kg6 58. Rg3+ Kf7 59. axb3 a2 60. Rd3 Nb4 61. Rf3+ Kg7 62. Na1 Nc6 63. Rf2 Ra7 64. Rd2 Kg6 65. Kf3 Nb4 66. Ke3 Rh7 67. Rg2+ Kf5 68. Rf2+ Kg5 69. Rg2+ Kf5 70. Rf2+ Kg5 1/2-1/2

[Event "Madrid-A"]
[Site "Madrid"]
[Date "2024.06.12"]
[Round "5"]
[White "Sosa, Tomas"]
[Black "Suarez Uriel, Adrian"]
[Result "0-1"]
[WhiteElo "2535"]
[BlackElo "2401"]
[PlyCount "124"]
[EventDate "2024.06.10"]
[EventType "tourn"]
[EventRounds "9"]
[EventCountry "ESP"]
[EventCategory "8"]
[SourceTitle "CBM 220 Extra"]
[Source "ChessBase"]
[SourceDate "2024.07.31"]
[SourceVersion "1"]
[SourceVersionDate "2024.07.31"]
[SourceQuality "1"]

1. e4 c5 2. Nf3 d6 3. d4 cxd4 4. Nxd4 Nf6 5. Nc3 a6 6. Bd3 e5 7. Nde2 Be7 8. 0-0 0-0 9. Ng3 Be6 10. Nd5 Bxd5 11. exd5 g6 12. c4 a5 13. Kh1 Nbd7 14. a4 Rc8 15. b3 Ne8 16. f4 f5 17. fxe5 Nxe5 18. Bh6 Ng7 19. Bxg7 Kxg7 20. Ne2 Qb6 21. Nf4 Ng4 22. Ne6+ Kh8 23. Qd2 Bf6 24. Rae1 Rf7 25. h3 Ne5 26. Bc2 Qb4 27. Qe3 b5 28. axb5 a4 29. bxa4 Nxc4 30. Qb3 Qa5 31. Bd3 Nd2 32. Rc1 Rc3 33. Rxc3 Bxc3 34. Qa3 Nxf1 35. Qxd6 h6 36. Bxf1 Qxa4 37. Qd8+ Kh7 38. Qe8 Ra7 39. Nf8+ Kg7 40. Ne6+ Kh7 41. Nf8+ Kg7 42. Ne6+ Kh7 43. Nf8+ Kg7 44. Ne6+ Kh7 45. Qc6 Qa1 46. Qc4 h5 47. Qf4 Be5 48. Ng5+ Kg7 49. Ne6+ Kf7 50. Qf3 Ra3 51. Qe2 Ra2 52. Qf3 Qe1 53. Kg1 Rf2 54. Qxf2 Bh2+ 55. Kxh2 Qxf2 56. Bc4 Ke7 57. b6 Qxb6 58. Be2 Qd6+ 59. Kh1 Qxd5 60. Nf4 Qd6 61. g3 h4 62. Kg2 hxg3 0-1

[Event "Madrid-A"]
[Site "Madrid"]
[Date "2024.06.11"]
[Round "3"]
[White "Suarez Gomez, Julio"]
[Black "Suarez Uriel, Adrian"]
[Result "1-0"]
[WhiteElo "2477"]
[BlackElo "2401"]
[PlyCount "69"]
[EventDate "2024.06.10"]
[EventType "tourn"]
[EventRounds "9"]
[EventCountry "ESP"]
[EventCategory "8"]
[SourceTitle "CBM 220 Extra"]
[Source "ChessBase"]
[SourceDate "2024.07.31"]
[SourceVersion "1"]
[SourceVersionDate "2024.07.31"]
[SourceQuality "1"]

1. e4 c5 2. Nf3 Nc6 3. Bb5 Nf6 4. e5 Nd5 5. 0-0 Nc7 6. Bxc6 dxc6 7. h3 Bf5 8. Nc3 Qd7 9. d3 h6 10. Be3 Ne6 11. Ne4 Bxe4 12. dxe4 g5 13. Qxd7+ Kxd7 14. Rad1+ Kc7 15. g4 Bg7 16. Kg2 Rad8 17. c3 c4 18. h4 gxh4 19. Rxd8 Rxd8 20. Rh1 Ng5 21. Nxg5 hxg5 22. Bxg5 Bxe5 23. Rxh4 Kd7 24. Be3 Ke6 25. Rh6+ f6 26. g5 Bc7 27. f4 Rg8 28. f5+ Kd7 29. g6 a5 30. Kf3 Be5 31. Rh7 Kd6 32. Bh6 Kd7 33. Rf7 Ke8 34. Bf4 b5 35. Bxe5 1-0

[Event "Titled Tuesday intern op 23rd Apr Late"]
[Site "Chess.com INT"]
[Date "2024.04.23"]
[Round "4"]
[White "Caspi, Israel"]
[Black "Suarez Uriel, Adrian"]
[Result "1-0"]
[WhiteElo "2468"]
[BlackElo "2412"]
[PlyCount "115"]
[EventDate "2024.04.23"]
[EventType "swiss (blitz)"]
[EventRounds "11"]
[EventCountry "USA"]
[SourceTitle "CBM 219 Extra"]
[Source "ChessBase"]
[SourceDate "2024.05.31"]
[SourceVersion "1"]
[SourceVersionDate "2024.05.31"]
[SourceQuality "1"]

1. e4 c5 2. Nf3 Nc6 3. d4 cxd4 4. Nxd4 g6 5. c4 Bg7 6. Be3 Nf6 7. Nc3 0-0 8. Be2 d6 9. 0-0 Bd7 10. f3 Nxd4 11. Bxd4 a5 12. Qd2 Bc6 13. Rac1 Nd7 14. Be3 Nc5 15. b3 e6 16. Rfd1 Be5 17. Nb5 Bxb5 18. cxb5 Qe7 19. Bf1 Rac8 20. Qxa5 Qh4 21. g3 Qh5 22. Bg2 f5 23. exf5 Qxf5 24. Qd2 h5 25. b4 Na4 26. f4 Bb2 27. Rxc8 Rxc8 28. Bxb7 Rd8 29. Qd3 Nc3 30. Qxf5 gxf5 31. Rd2 Bc1 32. Rd3 Nxa2 33. Bxc1 Nxc1 34. Re3 Kf7 35. Bf3 Na2 36. Bxh5+ Ke7 37. Ra3 Nxb4 38. Rb3 Nd5 39. Bf3 Nb6 40. Rc3 e5 41. Rc7+ Ke6 42. fxe5 dxe5 43. Rc6+ Rd6 44. Kf2 e4 45. Rxd6+ Kxd6 46. Be2 Ke5 47. h4 f4 48. gxf4+ Kxf4 49. h5 e3+ 50. Kg2 Kg5 51. Kf1 Nd5 52. Bf3 Nb6 53. Ke2 Kf4 54. h6 Na4 55. h7 Nc3+ 56. Ke1 Kxf3 57. h8Q Ne4 58. Qh1+ 1-0

[Event "Titled Tuesday intern op 05th Mar Late"]
[Site "Chess.com INT"]
[Date "2024.03.05"]
[Round "3"]
[White "Contreras Torres, Javier"]
[Black "Suarez Uriel, Adrian"]
[Result "0-1"]
[WhiteElo "2296"]
[BlackElo "2407"]
[PlyCount "48"]
[EventDate "2024.03.05"]
[EventType "swiss (blitz)"]
[EventRounds "11"]
[EventCountry "USA"]
[SourceTitle "EXT 2025"]
[Source "ChessBase"]
[SourceDate "2024.10.14"]
[SourceVersion "1"]
[SourceVersionDate "2024.10.14"]
[SourceQuality "1"]

1. e4 c5 2. c3 d5 3. exd5 Nf6 4. c4 e6 5. dxe6 Bxe6 6. Nf3 Nc6 7. Be2 Bd6 8. 0-0 0-0 9. Nc3 Re8 10. Re1 Bg4 11. d3 Qd7 12. Bg5 Nh5 13. Nd5 h6 14. Bh4 Nf4 15. Nxf4 Bxf4 16. Bg3 Qc7 17. a3 Rad8 18. Nd2 Bxg3 19. hxg3 Bf5 20. Nb3 b6 21. Qc2 a5 22. Rad1 a4 23. Nd2 Nd4 24. Qxa4 Nxe2+ 0-1

[Event "Titled Tuesday intern op 05th Mar Late"]
[Site "Chess.com INT"]
[Date "2024.03.05"]
[Round "8"]
[White "Novak, Ratko"]
[Black "Suarez Uriel, Adrian"]
[Result "0-1"]
[WhiteElo "2037"]
[BlackElo "2407"]
[PlyCount "72"]
[EventDate "2024.03.05"]
[EventType "swiss (blitz)"]
[EventRounds "11"]
[EventCountry "USA"]
[SourceTitle "EXT 2025"]
[Source "ChessBase"]
[SourceDate "2024.10.14"]
[SourceVersion "1"]
[SourceVersionDate "2024.10.14"]
[SourceQuality "1"]

1. d4 Nf6 2. c4 b6 3. Nc3 Bb7 4. d5 e6 5. e4 Bb4 6. Bd3 exd5 7. cxd5 0-0 8. f3 Re8 9. Nge2 c6 10. dxc6 dxc6 11. 0-0 Bc5+ 12. Kh1 Nbd7 13. Bg5 h6 14. Bh4 Qc7 15. Qb3 Bd6 16. f4 Nc5 17. Qc2 Nxd3 18. Qxd3 Nd7 19. Rad1 Re6 20. f5 Nc5 21. Qd2 Nxe4 22. Nxe4 Rxe4 23. Bg3 Bxg3 24. Nxg3 Ree8 25. f6 Rad8 26. Qc1 Rxd1 27. Rxd1 c5 28. fxg7 Qc6 29. Rg1 Qg6 30. Qf4 Kxg7 31. Nf5+ Kh7 32. h3 Re2 33. Nh4 Qg7 34. Kh2 Qe5 35. Qxe5 Rxe5 36. Rd1 Re4 0-1